[Event "FRA T I 120102011"]
[Site "FRA"]
[Date "2010.11.14"]
[Round "3.8"]
[White "Dalicieux, Amandine"]
[Black "Penalver, Marion"]
[Result "0-1"]
[WhiteElo "1486"]
[BlackElo "1835"]
[PlyCount "57"]
[EventDate "2010.10.17"]
[EventType "team-match"]
[EventRounds "9"]
[EventCountry "FRA"]
[Source "FFE"]
[SourceDate "2010.10.29"]
[WhiteTeamCountry "FRA"]
[BlackTeamCountry "FRA"]

1. e4 c5 2. Nc3 Nc6 3. f4 d6 4. Nf3 g6 5. Bc4 e6 6. f5 exf5 7. d3 Be6 8. Bxe6
fxe6 9. O-O Qd7 10. Qe1 O-O-O 11. Be3 Bg7 12. Rd1 Nf6 13. Bf2 Ng4 14. Bg3 Nd4
15. h3 Nxc2 16. Qd2 Nge3 17. Rc1 Nxf1 18. Kxf1 Nd4 19. Nxd4 Bxd4 20. Ne2 Kb8
21. Nxd4 cxd4 22. Qb4 e5 23. a4 fxe4 24. dxe4 Rc8 25. Rb1 Rc2 26. Qa3 Rhc8 27.
b4 R8c3 28. Rb3 Qf7+ 29. Bf2 0-1

[Event "FRA T I 120102011"]
[Site "FRA"]
[Date "2010.11.14"]
[Round "3.4"]
[White "Farnault, Eric"]
[Black "Randisi, Alexandre"]
[Result "0-1"]
[WhiteElo "2077"]
[BlackElo "2114"]
[PlyCount "58"]
[EventDate "2010.10.17"]
[EventType "team-match"]
[EventRounds "9"]
[EventCountry "FRA"]
[Source "FFE"]
[SourceDate "2010.10.29"]
[WhiteTeamCountry "FRA"]
[BlackTeamCountry "FRA"]

1. e4 c5 2. Nf3 Nc6 3. d4 cxd4 4. Nxd4 g6 5. Nxc6 bxc6 6. Qd4 Nf6 7. e5 Nd5 8.
Bc4 Bg7 9. O-O d6 10. f4 O-O 11. Nd2 Qc7 12. Nf3 Bg4 13. Bxd5 cxd5 14. Qxd5
Qxc2 15. Ng5 h6 16. Nxf7 Qc5+ 17. Qxc5 dxc5 18. e6 Bd4+ 19. Kh1 Bxe6 20. Nxh6+
Kg7 21. Bd2 Bc4 22. Rfc1 Bxb2 23. Bc3+ Bxc3 24. Rxc3 Rxf4 25. g3 Rd4 26. Re1
Kxh6 27. Rxe7 Rf8 28. h4 Rd2 29. Re1 Bd5+ 0-1

[Event "FRA T I 120102011"]
[Site "FRA"]
[Date "2010.11.14"]
[Round "3.3"]
[White "Gerard, Nicolas"]
[Black "Rodmacq, Clement"]
[Result "1-0"]
[WhiteElo "2286"]
[BlackElo "1994"]
[PlyCount "57"]
[EventDate "2010.10.17"]
[EventType "team-match"]
[EventRounds "9"]
[EventCountry "FRA"]
[Source "FFE"]
[SourceDate "2010.10.29"]
[WhiteTeamCountry "FRA"]
[BlackTeamCountry "FRA"]

1. d4 Nf6 2. c4 e5 3. dxe5 Ng4 4. Bf4 Nc6 5. Nf3 Bc5 6. e3 Qe7 7. Nc3 Bb4 8.
Rc1 Ngxe5 9. Nxe5 Nxe5 10. Be2 d6 11. O-O Bxc3 12. Rxc3 Bd7 13. c5 dxc5 14. Qd5
Nc6 15. Qxc5 Qxc5 16. Rxc5 Rc8 17. Bf3 O-O 18. a3 h6 19. h4 f6 20. h5 Rfd8 21.
b4 a6 22. Rb1 Kf7 23. a4 Ke6 24. Bd5+ Ke7 25. b5 axb5 26. axb5 Na5 27. Rxc7
Rxc7 28. Bxc7 Ra8 29. Ra1 1-0

[Event "FRA T I 120102011"]
[Site "FRA"]
[Date "2010.10.17"]
[Round "1.5"]
[White "Calin, Miguel"]
[Black "Venner, Laurent"]
[Result "1-0"]
[WhiteElo "2035"]
[BlackElo "1971"]
[PlyCount "56"]
[EventDate "2010.10.17"]
[EventType "team-match"]
[EventRounds "9"]
[EventCountry "FRA"]
[Source "FFE"]
[SourceDate "2010.10.29"]
[WhiteTeamCountry "FRA"]
[BlackTeamCountry "FRA"]

1. d4 d5 2. Nf3 c6 3. e3 e6 4. Bd3 f5 5. Ne5 Nf6 6. Nd2 Bd6 7. b3 O-O 8. Bb2 a5
9. O-O a4 10. c4 a3 11. Bc3 Bd7 12. f3 Be8 13. Qe1 Nbd7 14. e4 dxe4 15. Nxd7
Qxd7 16. fxe4 e5 17. Nf3 fxe4 18. Bxe4 Nxe4 19. Qxe4 Bg6 20. Qh4 Bd3 21. Rfe1
Rf4 22. Qg5 e4 23. Ne5 Bxe5 24. dxe5 Rg4 25. Qh5 Rg6 26. Re3 Rf8 27. Rae1 Qf7
28. Qh4 Rg4 1-0

[Event "FRA T I 120102011"]
[Site "FRA"]
[Date "2010.11.13"]
[Round "2.3"]
[White "Stoppa, Omar"]
[Black "Schmid, Pablo"]
[Result "1-0"]
[WhiteElo "2258"]
[BlackElo "2082"]
[PlyCount "55"]
[EventDate "2010.10.17"]
[EventType "team-match"]
[EventRounds "9"]
[EventCountry "FRA"]
[Source "FFE"]
[SourceDate "2010.10.29"]
[WhiteTeamCountry "FRA"]
[BlackTeamCountry "FRA"]

1. e4 c5 2. Nf3 g6 3. d4 cxd4 4. c3 Bg7 5. Bc4 e6 6. Nxd4 Ne7 7. Nb5 d5 8. exd5
a6 9. Qa4 O-O 10. dxe6 fxe6 11. N5a3 b5 12. Bxb5 axb5 13. Qxa8 Nbc6 14. O-O Qd7
15. Nxb5 Bb7 16. Qa3 Ne5 17. Nd4 Qd5 18. f3 N7c6 19. Qb3 Nxd4 20. cxd4 Qxd4+
21. Be3 Qd7 22. Nc3 Qe7 23. Ne4 Bd5 24. Qc2 Qh4 25. Rad1 Nc4 26. Bd4 Bxd4+ 27.
Rxd4 Qe7 28. Rxc4 1-0

[Event "FRA T I 120102011"]
[Site "FRA"]
[Date "2010.10.17"]
[Round "1.8"]
[White "Fantin, Alison"]
[Black "Dalicieux, Amandine"]
[Result "1-0"]
[WhiteElo "1893"]
[BlackElo "1488"]
[PlyCount "53"]
[EventDate "2010.10.17"]
[EventType "team-match"]
[EventRounds "9"]
[EventCountry "FRA"]
[Source "FFE"]
[SourceDate "2010.10.29"]
[WhiteTeamCountry "FRA"]
[BlackTeamCountry "FRA"]

1. e4 c5 2. Nf3 Nc6 3. Bb5 Nf6 4. e5 Nd5 5. O-O e6 6. c3 Qc7 7. Re1 d6 8. d4
dxe5 9. dxe5 Bd7 10. Qe2 a6 11. Bxc6 Bxc6 12. c4 Ne7 13. Nbd2 Ng6 14. b3 Be7
15. Bb2 O-O 16. Ne4 h6 17. Qe3 b6 18. a4 a5 19. Rad1 Qb7 20. Rd3 Rad8 21. Rxd8
Rxd8 22. Nfd2 Nh4 23. Nd6 Bxd6 24. exd6 Bxg2 25. Qg3 g5 26. Qe5 f5 27. Qh8+ 1-0

[Event "FRA T I 120102011"]
[Site "FRA"]
[Date "2010.11.13"]
[Round "2.2"]
[White "Simondet, Camille"]
[Black "Donon, Robin"]
[Result "0-1"]
[WhiteElo "2121"]
[BlackElo "2024"]
[PlyCount "54"]
[EventDate "2010.10.17"]
[EventType "team-match"]
[EventRounds "9"]
[EventCountry "FRA"]
[Source "FFE"]
[SourceDate "2010.10.29"]
[WhiteTeamCountry "FRA"]
[BlackTeamCountry "FRA"]

1. d4 Nf6 2. c4 g6 3. Nc3 Bg7 4. e4 d6 5. f3 O-O 6. Be3 e5 7. Bd3 exd4 8. Bxd4
Nc6 9. Be3 Ne5 10. Nge2 c6 11. Rc1 d5 12. cxd5 cxd5 13. Bc5 Nxd3+ 14. Qxd3 dxe4
15. Qc2 Re8 16. fxe4 Ng4 17. h3 Ne5 18. Rd1 Qg5 19. Rg1 b6 20. Bf2 Ba6 21. Nd4
Rad8 22. Nd5 Rxd5 23. Qa4 Bb5 24. Nxb5 Rxb5 25. h4 Qh5 26. Rd5 Nf3+ 27. Kf1
Nh2+ 0-1

[Event "FRA T I 120102011"]
[Site "FRA"]
[Date "2010.10.17"]
[Round "1.6"]
[White "Alessandri, Pascal"]
[Black "Alary, Pierre"]
[Result "1-0"]
[WhiteElo "1941"]
[BlackElo "1893"]
[PlyCount "51"]
[EventDate "2010.10.17"]
[EventType "team-match"]
[EventRounds "9"]
[EventCountry "FRA"]
[Source "FFE"]
[SourceDate "2010.10.29"]
[WhiteTeamCountry "FRA"]
[BlackTeamCountry "FRA"]

1. e4 e6 2. d4 d5 3. Nc3 Nf6 4. e5 Nfd7 5. Qh5 c5 6. Nf3 cxd4 7. Nxd4 g6 8. Qg4
Nxe5 9. Qg3 Bg7 10. Bf4 Nbc6 11. Nxc6 Nxc6 12. Bc7 Qd7 13. Bd6 e5 14. Nb5 f6
15. O-O-O Ne7 16. Qa3 Bh6+ 17. Kb1 Kf7 18. Nc7 Rb8 19. Nxd5 Nxd5 20. Bc4 Ra8
21. Rxd5 b5 22. Bf8 Qe6 23. Rd7+ Bxd7 24. Qe7+ Kg8 25. Bxe6+ Bxe6 26. Bxh6 1-0

[Event "FRA T I 120102011"]
[Site "FRA"]
[Date "2010.11.13"]
[Round "2.7"]
[White "Ching Sin, Olivier"]
[Black "Marie, Adrien"]
[Result "0-1"]
[WhiteElo "2008"]
[BlackElo "2031"]
[PlyCount "52"]
[EventDate "2010.10.17"]
[EventType "team-match"]
[EventRounds "9"]
[EventCountry "FRA"]
[Source "FFE"]
[SourceDate "2010.10.29"]
[WhiteTeamCountry "FRA"]
[BlackTeamCountry "FRA"]

1. e4 d5 2. exd5 Nf6 3. c4 c6 4. Nc3 cxd5 5. d4 Nc6 6. Bg5 dxc4 7. Bxc4 Qxd4 8.
Qxd4 Nxd4 9. O-O-O e5 10. f4 Bg4 11. Nf3 Rc8 12. Bxf7+ Kxf7 13. Nxe5+ Ke6 14.
Nxg4 Ne2+ 15. Kc2 Nxc3 16. bxc3 Nxg4 17. Rhe1+ Kf5 18. h4 h6 19. Rd5+ Kg6 20.
f5+ Kh7 21. Bd2 Nf6 22. Rd3 Bc5 23. Bf4 Rhe8 24. Be5 Ng4 25. Bg3 Rxe1 26. Bxe1
Ne3+ 0-1

[Event "FRA T I 120102011"]
[Site "FRA"]
[Date "2010.11.13"]
[Round "2.3"]
[White "Sibirko, Ivan"]
[Black "Martin, Bruno"]
[Result "1-0"]
[WhiteElo "2117"]
[BlackElo "2038"]
[PlyCount "52"]
[EventDate "2010.10.17"]
[EventType "team-match"]
[EventRounds "9"]
[EventCountry "FRA"]
[Source "FFE"]
[SourceDate "2010.10.29"]
[WhiteTeamCountry "FRA"]
[BlackTeamCountry "FRA"]

1. d4 Nf6 2. Nf3 g6 3. g3 Bg7 4. Bg2 O-O 5. c4 d5 6. O-O dxc4 7. Ne5 c6 8. Na3
Be6 9. Naxc4 Qc8 10. Qe1 Rd8 11. e3 Nbd7 12. Bd2 Nd5 13. Rc1 Nxe5 14. Nxe5 f6
15. Nd3 Bf7 16. a4 Nc7 17. f4 e5 18. fxe5 fxe5 19. Nxe5 Bxe5 20. dxe5 Qe6 21.
Qe2 Qxe5 22. Bc3 Qe6 23. b4 Nd5 24. Ba1 Kf8 25. Qb2 h5 26. e4 Nc7 {suite
illisible} 1-0

[Event "FRA T I 120102011"]
[Site "FRA"]
[Date "2010.10.17"]
[Round "1.2"]
[White "Timotic, Nicolas"]
[Black "Ollier, Pablo"]
[Result "0-1"]
[WhiteElo "2090"]
[BlackElo "2287"]
[PlyCount "52"]
[EventDate "2010.10.17"]
[EventType "team-match"]
[EventRounds "9"]
[EventCountry "FRA"]
[Source "FFE"]
[SourceDate "2010.10.29"]
[WhiteTeamCountry "FRA"]
[BlackTeamCountry "FRA"]

1. e4 e6 2. d4 d5 3. Nd2 Nf6 4. e5 Nfd7 5. f4 c5 6. c3 Nc6 7. Ngf3 cxd4 8. cxd4
Qb6 9. Nb3 a5 10. a4 Bb4+ 11. Kf2 f6 12. Bb5 O-O 13. Be3 Qd8 14. Rc1 Kh8 15.
Qc2 fxe5 16. dxe5 Ndxe5 17. fxe5 Nxe5 18. Qc7 Qh4+ 19. Ke2 Nxf3 20. gxf3 Qf6
21. f4 e5 22. Rhg1 Be6 23. Qc3 Bh3 24. Bc5 Bxc5 25. Nxc5 Qxf4 26. Qxh3 Qf2+ 0-1

[Event "FRA T I 120102011"]
[Site "FRA"]
[Date "2010.11.13"]
[Round "2.6"]
[White "Gagner, Nicolas"]
[Black "Venner, Laurent"]
[Result "1/2-1/2"]
[WhiteElo "2064"]
[BlackElo "1980"]
[PlyCount "49"]
[EventDate "2010.10.17"]
[EventType "team-match"]
[EventRounds "9"]
[EventCountry "FRA"]
[Source "FFE"]
[SourceDate "2010.10.29"]
[WhiteTeamCountry "FRA"]
[BlackTeamCountry "FRA"]

1. e4 e6 2. d4 d5 3. Nc3 dxe4 4. Nxe4 Bd7 5. Nf3 Bc6 6. Ned2 Nd7 7. Bd3 Ngf6 8.
O-O Be7 9. c4 O-O 10. Qc2 h6 11. Re1 Bxf3 12. Nxf3 c6 13. Qe2 Qa5 14. Ne5 Rfe8
15. Bf4 c5 16. Nxd7 Nxd7 17. Be5 Bf6 18. Qe4 g6 19. Bxf6 Nxf6 20. Qe5 Nd7 21.
Qf4 cxd4 22. Qxd4 Rad8 23. Bc2 Nb6 24. Qf6 Nxc4 25. Bxg6 1/2-1/2

[Event "FRA T I 120102011"]
[Site "FRA"]
[Date "2010.11.14"]
[Round "3.2"]
[White "Houard, Sebastien"]
[Black "Aranovitch, Emiliano"]
[Result "0-1"]
[WhiteElo "2141"]
[BlackElo "2335"]
[PlyCount "50"]
[EventDate "2010.10.17"]
[EventType "team-match"]
[EventRounds "9"]
[EventCountry "FRA"]
[Source "FFE"]
[SourceDate "2010.10.29"]
[WhiteTeamCountry "FRA"]
[BlackTeamCountry "FRA"]

1. e4 c5 2. Nf3 d6 3. d4 cxd4 4. Nxd4 Nf6 5. Nc3 Nc6 6. f3 e5 7. Nb3 Be7 8. Be3
Be6 9. Qd2 d5 10. exd5 Nxd5 11. Nxd5 Qxd5 12. Qxd5 Bxd5 13. O-O-O O-O-O 14. Bb5
Kc7 15. Rd2 a6 16. Be2 f5 17. Rhd1 Bf7 18. Rxd8 Rxd8 19. Rxd8 Bxd8 20. Bd3 Be6
21. Bd2 Be7 22. Bc3 Bd6 23. a3 b5 24. g4 e4 25. gxf5 Bxb3 0-1

[Event "FRA T I 120102011"]
[Site "FRA"]
[Date "2010.11.13"]
[Round "2.6"]
[White "Randisi, Alexandre"]
[Black "Meley, Hector"]
[Result "0-1"]
[WhiteElo "2114"]
[BlackElo "1965"]
[PlyCount "50"]
[EventDate "2010.10.17"]
[EventType "team-match"]
[EventRounds "9"]
[EventCountry "FRA"]
[Source "FFE"]
[SourceDate "2010.10.29"]
[WhiteTeamCountry "FRA"]
[BlackTeamCountry "FRA"]

1. c4 e6 2. d4 d5 3. Nc3 c5 4. cxd5 cxd4 5. Qxd4 Nc6 6. Qa4 exd5 7. Bf4 Bb4 8.
Nf3 Bd7 9. O-O-O Bxc3 10. bxc3 Qf6 11. Rd3 b5 12. Qxb5 Qxf4+ 13. e3 Qd6 14. Qa6
Rb8 15. Rd2 Rb6 16. Qd3 Nf6 17. Qc2 Qa3+ 18. Kd1 Ne4 19. Bd3 Nxd2 20. Qxd2 O-O
21. Bc2 Rb2 22. Qd3 g6 23. Nh4 Ne5 24. Qd4 Rxc2 25. Kxc2 Ba4+ 0-1

[Event "FRA T I 120102011"]
[Site "FRA"]
[Date "2010.11.13"]
[Round "2.3"]
[White "Debray, Francois"]
[Black "Thomas, Fabien"]
[Result "1-0"]
[WhiteElo "2185"]
[BlackElo "2126"]
[PlyCount "47"]
[EventDate "2010.10.17"]
[EventType "team-match"]
[EventRounds "9"]
[EventCountry "FRA"]
[Source "FFE"]
[SourceDate "2010.10.29"]
[WhiteTeamCountry "FRA"]
[BlackTeamCountry "FRA"]

1. e4 c5 2. Nf3 d6 3. d4 cxd4 4. Nxd4 Nf6 5. Nc3 a6 6. Bg5 e6 7. f4 Be7 8. Qf3
Qc7 9. O-O-O Nbd7 10. Bd3 b5 11. Rhe1 h6 12. Bxf6 Nxf6 13. e5 Bb7 14. Qg3 Nh5
15. Nxe6 fxe6 16. Qg6+ Kf8 17. Qxh5 b4 18. Ne4 Bxe4 19. Bxe4 Rc8 20. Bd3 Qa5
21. Kb1 Rc5 22. Qg6 dxe5 23. Qxe6 b3 24. axb3 1-0

[Event "FRA T I 120102011"]
[Site "FRA"]
[Date "2010.11.13"]
[Round "2.1"]
[White "Joie, Sebastien"]
[Black "Rouler, Charly"]
[Result "1-0"]
[WhiteElo "2216"]
[BlackElo "2307"]
[PlyCount "47"]
[EventDate "2010.10.17"]
[EventType "team-match"]
[EventRounds "9"]
[EventCountry "FRA"]
[Source "FFE"]
[SourceDate "2010.10.29"]
[WhiteTeamCountry "FRA"]
[BlackTeamCountry "FRA"]

1. d4 Nf6 2. c4 g6 3. Nc3 Bg7 4. e4 d6 5. Nf3 O-O 6. Be2 Nbd7 7. Be3 e5 8. d5
Ng4 9. Bd2 a5 10. h3 Ngf6 11. g4 Nc5 12. Qc2 c6 13. Be3 a4 14. dxc6 bxc6 15.
Rd1 Qa5 16. O-O h5 17. Rxd6 hxg4 18. Nxe5 Nb7 19. Nxc6 Qh5 20. Ne7+ Kh7 21. Rd3
Qxh3 22. Bc1 Qh4 23. Kg2 Nh5 24. Nxc8 1-0

[Event "FRA T I 120102011"]
[Site "FRA"]
[Date "2010.11.14"]
[Round "3.1"]
[White "Kosten, Anthony C"]
[Black "Leroy, Olivier"]
[Result "1/2-1/2"]
[WhiteElo "2514"]
[BlackElo "2115"]
[PlyCount "48"]
[EventDate "2010.10.17"]
[EventType "team-match"]
[EventRounds "9"]
[EventCountry "FRA"]
[Source "FFE"]
[SourceDate "2010.10.29"]
[WhiteTeamCountry "FRA"]
[BlackTeamCountry "FRA"]

1. c4 g6 2. g3 Bg7 3. Bg2 Nf6 4. Nc3 O-O 5. d4 c5 6. d5 d6 7. Nf3 Na6 8. O-O
Nc7 9. e4 Rb8 10. a4 h6 11. Rb1 Nd7 12. Bd2 a6 13. b4 b5 14. Qe2 cxb4 15. Rxb4
a5 16. Rxb5 Nxb5 17. axb5 Nc5 18. Ne1 Qc7 19. Na2 Bd7 20. Nc2 Nb3 21. Be3 Rfc8
22. Na3 Nc5 23. Nc1 Bc3 24. Na2 Bb4 1/2-1/2

[Event "FRA T I 120102011"]
[Site "FRA"]
[Date "2010.10.17"]
[Round "1.6"]
[White "Sebbah, Julien"]
[Black "Lachaux, Jerome"]
[Result "0-1"]
[WhiteElo "1954"]
[BlackElo "2002"]
[PlyCount "47"]
[EventDate "2010.10.17"]
[EventType "team-match"]
[EventRounds "9"]
[EventCountry "FRA"]
[Source "FFE"]
[SourceDate "2010.10.29"]
[WhiteTeamCountry "FRA"]
[BlackTeamCountry "FRA"]

1. d4 c6 2. c4 d5 3. e3 Nf6 4. Nc3 e6 5. Nf3 Bd6 6. Qc2 O-O 7. Bd3 Nbd7 8. cxd5
exd5 9. O-O h6 10. Rb1 Re8 11. Re1 Nf8 12. h3 N8h7 13. Nd2 Ng5 14. f4 Bxf4 15.
exf4 Rxe1+ 16. Kf2 Qe7 17. Ne2 Rxe2+ 18. Bxe2 Nge4+ 19. Nxe4 Nxe4+ 20. Kg1 Qh4
21. Bd3 Qe1+ 22. Kh2 Qg3+ 23. Kg1 Bf5 24. Bxe4 0-1

[Event "FRA T I 120102011"]
[Site "FRA"]
[Date "2010.11.14"]
[Round "3.2"]
[White "Dubreuil, Julien"]
[Black "Sibirko, Ivan"]
[Result "1/2-1/2"]
[WhiteElo "2186"]
[BlackElo "2117"]
[PlyCount "46"]
[EventDate "2010.10.17"]
[EventType "team-match"]
[EventRounds "9"]
[EventCountry "FRA"]
[Source "FFE"]
[SourceDate "2010.10.29"]
[WhiteTeamCountry "FRA"]
[BlackTeamCountry "FRA"]

1. c4 Nf6 2. g3 e5 3. Bg2 d5 4. cxd5 Nxd5 5. Nc3 Nb6 6. Nf3 Nc6 7. O-O Be7 8.
a3 a5 9. d3 g5 10. Be3 g4 11. Nd2 Be6 12. Rc1 O-O 13. Bh6 Re8 14. Nce4 Nd7 15.
Nb3 Bd5 16. Nbc5 Nxc5 17. Nxc5 Bxg2 18. Kxg2 Qd6 19. Be3 Qd5+ 20. Kg1 Nd4 21.
Bxd4 exd4 22. Qb3 Rad8 23. Qxd5 Rxd5 1/2-1/2

[Event "FRA T I 120102011"]
[Site "FRA"]
[Date "2010.10.17"]
[Round "1.7"]
[White "Julien, Clement"]
[Black "Lamure, Christophe"]
[Result "0-1"]
[WhiteElo "1876"]
[BlackElo "1934"]
[PlyCount "46"]
[EventDate "2010.10.17"]
[EventType "team-match"]
[EventRounds "9"]
[EventCountry "FRA"]
[Source "FFE"]
[SourceDate "2010.10.29"]
[WhiteTeamCountry "FRA"]
[BlackTeamCountry "FRA"]

1. e4 e5 2. Nf3 Nc6 3. Bc4 Be7 4. c3 Nf6 5. d3 d5 6. exd5 Nxd5 7. Qb3 Be6 8.
Qxb7 Na5 9. Bb5+ Kf8 10. Qa6 c5 11. Bc6 Nxc6 12. Qxc6 Nf4 13. Bxf4 exf4 14.
Nbd2 Rb8 15. Ne4 Bd5 16. Qa4 Rxb2 17. Qxa7 Bxe4 18. dxe4 Qd3 19. Qa8+ Bd8 20.
Qxd8+ Qxd8 21. O-O g6 22. Rfd1 Qa5 23. c4 Rxa2 0-1

[Event "FRA T I 120102011"]
[Site "FRA"]
[Date "2010.11.14"]
[Round "3.2"]
[White "Simondet, Camille"]
[Black "Matsuo, Tomohiko"]
[Result "0-1"]
[WhiteElo "2121"]
[BlackElo "2213"]
[PlyCount "46"]
[EventDate "2010.10.17"]
[EventType "team-match"]
[EventRounds "9"]
[EventCountry "FRA"]
[Source "FFE"]
[SourceDate "2010.10.29"]
[WhiteTeamCountry "FRA"]
[BlackTeamCountry "FRA"]

1. d4 Nf6 2. c4 c5 3. e3 g6 4. Nf3 Bg7 5. Nc3 O-O 6. Bd3 cxd4 7. exd4 d5 8. h3
Nc6 9. a3 b6 10. O-O Bb7 11. Be3 Rc8 12. Qe2 Na5 13. Ne5 e6 14. Rfd1 dxc4 15.
Nxc4 Nb3 16. Rab1 Nxd4 17. Bxd4 Qxd4 18. Nb5 Qc5 19. Nbd6 Rb8 20. Nxb7 Rxb7 21.
Rbc1 Qg5 22. Nd6 Rd7 23. Bb5 Rxd6 0-1

[Event "FRA T I 120102011"]
[Site "FRA"]
[Date "2010.11.13"]
[Round "2.8"]
[White "Martinovic, Gordana"]
[Black "Eydt, Loredane"]
[Result "1-0"]
[WhiteElo "1597"]
[BlackElo "1470"]
[PlyCount "43"]
[EventDate "2010.10.17"]
[EventType "team-match"]
[EventRounds "9"]
[EventCountry "FRA"]
[Source "FFE"]
[SourceDate "2010.10.29"]
[WhiteTeamCountry "FRA"]
[BlackTeamCountry "FRA"]

1. d4 d5 2. Nf3 Nf6 3. Bf4 e6 4. e3 Be7 5. Nbd2 O-O 6. Bd3 Nbd7 7. O-O b6 8.
Ne5 Bb7 9. Bg3 c5 10. c3 c4 11. Bb1 b5 12. f4 b4 13. cxb4 Bxb4 14. Bh4 Qa5 15.
Nxd7 Nxd7 16. Bxh7+ Kxh7 17. Qh5+ Kg8 18. Rf3 Rad8 19. Rh3 Bxd2 20. Bxd8 Bxe3+
21. Kh1 f6 22. Bxa5 1-0

[Event "FRA T I 120102011"]
[Site "FRA"]
[Date "2010.11.14"]
[Round "3.2"]
[White "Joie, Sebastien"]
[Black "Robin, Samy"]
[Result "1/2-1/2"]
[WhiteElo "2216"]
[BlackElo "2320"]
[PlyCount "41"]
[EventDate "2010.10.17"]
[EventType "team-match"]
[EventRounds "9"]
[EventCountry "FRA"]
[Source "FFE"]
[SourceDate "2010.10.29"]
[WhiteTeamCountry "FRA"]
[BlackTeamCountry "FRA"]

1. d4 e5 2. dxe5 Qe7 3. Nf3 Nc6 4. Bf4 Qb4+ 5. Bd2 Qe7 6. Nc3 Nxe5 7. e4 d6 8.
Nd5 Qd8 9. Bc3 c6 10. Ne3 Qc7 11. Nxe5 dxe5 12. Qh5 Nf6 13. Qxe5+ Qxe5 14. Bxe5
Nxe4 15. Bd3 Nc5 16. O-O-O f6 17. Bg3 Nxd3+ 18. Rxd3 Be6 19. Bd6 Bxd6 20. Rxd6
Ke7 21. Rhd1 1/2-1/2

[Event "FRA T I 120102011"]
[Site "FRA"]
[Date "2010.11.13"]
[Round "2.7"]
[White "Clavel, Carole"]
[Black "Alary, Pierre"]
[Result "1-0"]
[WhiteElo "1874"]
[BlackElo "1887"]
[PlyCount "40"]
[EventDate "2010.10.17"]
[EventType "team-match"]
[EventRounds "9"]
[EventCountry "FRA"]
[Source "FFE"]
[SourceDate "2010.10.29"]
[WhiteTeamCountry "FRA"]
[BlackTeamCountry "FRA"]

1. c4 e5 2. Nc3 Nf6 3. g3 Bc5 4. Bg2 c6 5. e4 O-O 6. h3 Na6 7. Nge2 Nc7 8. d4
exd4 9. Nxd4 d5 10. cxd5 cxd5 11. e5 Re8 12. Nf3 Bf5 13. O-O Ne4 14. Na4 Bf8
15. Be3 Ne6 16. Nh4 Bg6 17. Nxg6 hxg6 18. Qg4 b5 19. Bxe4 bxa4 20. Rfd1 Qb8 1-0

[Event "FRA T I 120102011"]
[Site "FRA"]
[Date "2010.10.17"]
[Round "1.6"]
[White "Thomas, Fabien"]
[Black "Bellet, Georges"]
[Result "1-0"]
[WhiteElo "2094"]
[BlackElo "2156"]
[PlyCount "35"]
[EventDate "2010.10.17"]
[EventType "team-match"]
[EventRounds "9"]
[EventCountry "FRA"]
[Source "FFE"]
[SourceDate "2010.10.29"]
[WhiteTeamCountry "FRA"]
[BlackTeamCountry "FRA"]

1. e4 c5 2. Nf3 a6 3. c3 d6 4. d4 Nd7 5. Bd3 e6 6. Be3 Qc7 7. O-O Ngf6 8. Nbd2
Be7 9. Rc1 b5 10. Qe2 Rb8 11. h3 e5 12. Nh2 b4 13. f4 bxc3 14. bxc3 Rb2 15. Qd1
Rb8 16. Nc4 Bb7 17. fxe5 dxe5 18. dxe5 {suite illisible} 1-0

[Event "FRA T I 120102011"]
[Site "FRA"]
[Date "2010.12.11"]
[Round "4.2"]
[White "Voisembert, Alain"]
[Black "Dieu, Bruno"]
[Result "1-0"]
[WhiteElo "2093"]
[BlackElo "2303"]
[PlyCount "152"]
[EventDate "2010.10.17"]
[EventType "team-match"]
[EventRounds "9"]
[EventCountry "FRA"]
[Source "FFE"]
[SourceDate "2010.10.29"]
[WhiteTeamCountry "FRA"]
[BlackTeamCountry "FRA"]

1. e4 e6 2. Nf3 d5 3. e5 c5 4. b4 b6 5. c3 Bd7 6. bxc5 bxc5 7. Ba3 Qa5 8. Bd3
Ba4 9. Bc2 Bb5 10. d3 Nd7 11. O-O Ne7 12. Re1 Ng6 13. Bc1 Be7 14. g3 O-O 15. h4
f6 16. Bd2 Qa6 17. exf6 Bxf6 18. Bg5 e5 19. a4 Rae8 20. Na3 Bc6 21. h5 Nh8 22.
Nb5 Bxg5 23. Nxg5 Bxb5 24. axb5 Qf6 25. Nh3 Qe6 26. Kg2 Nf6 27. Rxa7 Qb6 28.
Qa1 Nf7 29. c4 dxc4 30. dxc4 Qe6 31. Qc3 Qg4 32. Bd1 Qf5 33. Qe3 e4 34. Rc7 Re5
35. b6 Ne8 36. g4 Qe6 37. Rxc5 Qxb6 38. Rxe5 Qxe3 39. Rxe3 Nxe5 40. Rxe4 Nd3
41. Bc2 Nc5 42. Re5 Nd7 43. Re7 Nc5 44. Ng5 Nf6 45. f3 h6 46. Ne6 Nxe6 47. Rxe6
Rc8 48. Bb3 Kf8 49. Kg3 Nd7 50. Ba4 Nc5 51. Rc6 Rxc6 52. Bxc6 Ke7 53. Kf4 Kf6
54. Bd5 Nd3+ 55. Ke3 Nc5 56. Kd4 Na6 57. c5 Nc7 58. Bc4 Ke7 59. Ke5 Kd7 60. Bd5
Ke7 61. Be4 Kd7 62. Kf5 Ke7 63. Bb7 Ne6 64. c6 Nc7 65. Kg6 Kf8 66. Bc8 Nd5 67.
Bd7 Ne7+ 68. Kh7 Nd5 69. Kh8 Nc7 70. f4 Kf7 71. Kh7 Kf8 72. g5 hxg5 73. fxg5
Nd5 74. Be6 Nc7 75. Bc4 Ne8 76. Kg6 Nd6 {suite illisible} 1-0

[Event "FRA T I 120102011"]
[Site "FRA"]
[Date "2010.11.14"]
[Round "3.4"]
[White "Velikov, Petar"]
[Black "Seret, Jean Luc"]
[Result "1/2-1/2"]
[WhiteElo "2417"]
[BlackElo "2406"]
[PlyCount "146"]
[EventDate "2010.10.17"]
[EventType "team-match"]
[EventRounds "9"]
[EventCountry "FRA"]
[Source "FFE"]
[SourceDate "2010.10.29"]
[WhiteTeamCountry "FRA"]
[BlackTeamCountry "FRA"]

1. c4 e5 2. g3 Nf6 3. Bg2 c6 4. d4 Bb4+ 5. Bd2 Bxd2+ 6. Qxd2 d6 7. Nc3 O-O 8.
e4 c5 9. dxe5 dxe5 10. O-O-O Qxd2+ 11. Rxd2 Nc6 12. Nd5 a6 13. Nb6 Rb8 14. Ne2
Be6 15. Nc3 Rbd8 16. Ncd5 Nd7 17. Nxd7 Bxd7 18. f4 f6 19. Re1 Be6 20. Re3 Nd4
21. b3 Rd6 22. Kb2 Rb8 23. Rc3 Kf8 24. Bf1 Ke8 25. f5 Bf7 26. g4 h6 27. h4 Rbd8
28. Rg2 Kd7 29. g5 hxg5 30. hxg5 Rh8 31. gxf6 gxf6 32. Rg7 Ke8 33. Rh3 Rxh3 34.
Bxh3 Kf8 35. Rh7 Kg8 36. Rh4 b5 37. Bg4 Kg7 38. Bh5 Bxh5 39. Rxh5 Nf3 40. Kc3
b4+ 41. Kd3 a5 42. Rh3 Ng5 43. Rh1 Rd8 44. a3 bxa3 45. Ra1 Rh8 46. Rxa3 Rh3+
47. Ne3 Rh4 48. Rxa5 Nxe4 49. Ra7+ Kf8 50. Nd5 Nd6 51. Ra6 Rh3+ 52. Kc2 Rh2+
53. Kc1 Ne4 54. Nxf6 Ng3 55. Ng4 Rh5 56. f6 Ne2+ 57. Kd2 Nd4 58. Ke3 Rh3+ 59.
Ke4 Rh4 60. Ra8+ Kf7 61. Ra7+ Ke6 62. Rg7 Nf5 63. Rg8 Nh6 64. Re8+ Kd7 65. Rxe5
Rxg4+ 66. Kd5 Rf4 67. Re7+ Kd8 68. Rh7 Rxf6 69. Kxc5 Nf7 70. b4 Kc7 71. b5 Rf5+
72. Kb4 Kb6 73. Rg7 Nd8 1/2-1/2